Philadelphia Eagles Roster - Statistics

General Stats
  • This quiz has been taken 85 times
  • The average score is 20 of 27
Answer Stats
Hint Answer % Correct
WR AJ Brown
100%
QB Jalen Hurts
100%
WR Devonta Smith
99%
C Jason Kelce
97%
OT Lane Johnson
95%
TE Dallas Goedert
93%
CB Darius Slay
92%
SS CJ Gardner-Johnson
91%
DT Fletcher Cox
87%
RB Kenneth Gainwell
87%
RB Miles Sanders
87%
K Jake Elliott
80%
DE Brandon Graham
75%
CB James Bradberry
75%
OG Landon Dickerson
75%
OT Jordan Mailata
73%
WR Quez Watkins
72%
OLB Haason Reddick
67%
CB Avonte Maddox
60%
DE Josh Sweat
60%
FS Reed Blankenship
59%
DT Javon Hargrave
52%
ILB Nakobe Dean
51%
ILB TJ Edwards
43%
P Arryn Siposs
40%
OLB Kyzir White
40%
OG Isaac Seumalo
39%
No matching quizzes found
Score Distribution
Percent of People with Each Score
Percentile by Number Answered
Your Score History
You have not taken this quiz